Flagi największych miast w Polsce - Statystyki

Ogólne statystyki
  • Ten quiz został rozwiązany 70 razy
  • Średni wynik to 11 z 20
Statystyki odpowiedzi
Obrazkowy Odpowiedź % Poprawnych
łódź
82%
gdańsk
77%
warszawa
77%
katowice
72%
szczecin
72%
kielce
67%
gdynia
63%
wrocław
62%
kraków
60%
bydgoszcz
58%
lublin
58%
toruń
58%
rzeszów
57%
białystok
50%
gliwice
48%
poznań
47%
radom
35%
sosnowiec
32%
zabrze
27%
częstochowa
20%
Nie znaleziono quizów pasujących do podanych kryteriów
Rozkład punktacji
Procent ludzi z każdym wynikiem
Percentyl według liczby udzielonych odpowiedzi
Twoja historia wyników
Nie rozwiązałeś tego quizu